Libres para cooperar, libres para crear: nuevos juegos y deportes cooperativos
Zapisane w:
| 1. autor: | |
|---|---|
| Format: | Książka |
| Język: | hiszpański |
| Wydane: |
Barcelona
Paidotribo
1995
|
| Wydanie: | 2a. ed |
| Seria: | Colección Pedagogías Corporales
|
| Hasła przedmiotowe: | |
| Etykiety: |
Dodaj etykietę
Nie ma etykietki, Dołącz pierwszą etykiete!
|
MARC
| LEADER | 00000nam a2200000 a 4500 | ||
|---|---|---|---|
| 001 | UCU9548 | ||
| 003 | CL-VaPUC | ||
| 008 | 960823e19950000SP |||||||||||||||||spa|d | ||
| 082 | 0 | 4 | |a 790.19 |b ORL |2 21 |
| 100 | |a Orlick, Terry |e autor |9 556275 | ||
| 245 | 1 | 0 | |a Libres para cooperar, libres para crear: nuevos juegos y deportes cooperativos |
| 250 | |a 2a. ed | ||
| 300 | |a 317 p | ||
| 942 | |c BK | ||
| 945 | |d 19960823 00:00:00 |a nastorga | ||
| 260 | |a Barcelona |b Paidotribo |c 1995 | ||
| 650 | 0 | |a Actividades de tiempo libre |9 334349 | |
| 650 | 7 | |a ESCUELA |2 CL-VaPUC |9 347989 | |
| 650 | 7 | |a RECREACION |2 CL-VaPUC |9 368755 | |
| 650 | 7 | |a DIVERSIONES |2 CL-VaPUC |9 307430 | |
| 650 | 0 | |a Cultura |9 269059 | |
| 650 | 0 | |a Juegos infantiles |9 307365 | |
| 650 | 0 | |a Juegos educativos |9 307366 | |
| 650 | 7 | |a JUEGOS ESCOLARES |2 CL-VaPUC |9 307368 | |
| 650 | 0 | |a Deportes |9 224367 | |
| 650 | 7 | |a ESPARCIMIENTO |2 CL-VaPUC |9 341850 | |
| 650 | 7 | |a PASATIEMPOS |2 CL-VaPUC |9 335505 | |
| 583 | |a last modification |c 19960823 00:00:00 |k Rodrigo Vera | ||
| 490 | 0 | |a Colección Pedagogías Corporales | |
| 999 | |c 251267 |d 251265 | ||
| 952 | |0 0 |1 0 |4 0 |6 790_190000000000000_ORL_1995 |7 0 |8 A |9 270311 |a BIBEDU |b BIBEDU |d 2019-11-19 |i 3222012 |o 790.19 ORL 1995 |p 3222012 |r 2019-11-19 |w 2019-11-19 |y BK |k EFI | ||
| 952 | |0 0 |1 0 |4 0 |6 790_190000000000000_ORL_1995 |7 0 |8 A |9 270312 |a BIBEDU |b BIBEDU |d 2019-11-19 |i 3313255 |o 790.19 ORL 1995 |p 3313255 |r 2019-11-19 |w 2019-11-19 |y BK |k EFI | ||